| 000 | 00562nam a2200181 i 4500 | ||
|---|---|---|---|
| 001 | 85787 | ||
| 003 | ES-MaACL | ||
| 005 | 20240520181646.0 | ||
| 007 | t| | ||
| 008 | 041201s1977 sp ||||1| spa d | ||
| 100 | 0 |
_aJuan Carlos _bI, _cRey de España _967108 |
|
| 245 | 1 | 0 |
_aViaje a Extremadura de Sus Majestades los Reyes de España _b: 9 y 10 de marzo de 1977. |
| 260 |
_a[Madrid : _bUmbral, _c1977] |
||
| 300 |
_a40 p., 24 lám. ; _c23 cm. |
||
| 852 |
_aES-MaACL _j2104-F-20 _bR.95950 |
||
| 852 |
_aES-MaACL _j2104-F-21 _bR.95938 |
||
| 999 |
_c85787 _d85787 |
||